Aggresionstheorie antik oder modern?: Bestie Mensch statt Bestie Tier?
| 1. VerfasserIn: | |
|---|---|
| Medienart: | Druck Aufsatz |
| Sprache: | Deutsch |
| Veröffentlicht: |
1991
|
| In: |
Universitas. [Deutsche Ausgabe]
Jahr: 1991, Band: 46,1, Seiten: 440-450 |
| Bestand in Tübingen: | In Tübingen vorhanden. IFK: 7270 |
| Verfügbarkeit prüfen: | HBZ Gateway |
| Schlagwörter: |
MARC
| LEADER | 00000caa a22000002c 4500 | ||
|---|---|---|---|
| 001 | 1629254126 | ||
| 003 | DE-627 | ||
| 005 | 20220607113326.0 | ||
| 007 | tu | ||
| 008 | 121113s1991 gw ||||| 00| ||ger c | ||
| 035 | |a (DE-627)1629254126 | ||
| 035 | |a (DE-576)374795584 | ||
| 035 | |a (DE-599)BSZ374795584 | ||
| 040 | |a DE-627 |b ger |c DE-627 |e rakwb | ||
| 041 | |a ger | ||
| 044 | |c XA-DE | ||
| 100 | 1 | |a Bäumer-Schleinkofer, Änne |d 1957- |0 (DE-588)115442693 |0 (DE-627)077255119 |0 (DE-576)160144914 |4 aut | |
| 109 | |a Bäumer-Schleinkofer, Änne 1957- |a Bäumer, Änne 1957- |a Schleinkofer, Änne Bäumer- 1957- |a Bäumer, Anne 1957- | ||
| 245 | 1 | 0 | |a Aggresionstheorie antik oder modern? |b Bestie Mensch statt Bestie Tier? |c Änne Bäumer-Schleinkofer |
| 264 | 1 | |c 1991 | |
| 336 | |a Text |b txt |2 rdacontent | ||
| 337 | |a ohne Hilfsmittel zu benutzen |b n |2 rdamedia | ||
| 338 | |a Band |b nc |2 rdacarrier | ||
| 773 | 0 | 8 | |i In |t Universitas. [Deutsche Ausgabe] |d Heidelberg : Heidelberger Lese-Zeiten-Verl., 1946 |g 46,1(1991), Seite 440-450 |w (DE-627)129478806 |w (DE-600)203995-3 |w (DE-576)01486021X |x 0041-9079 |7 nnas |
| 773 | 1 | 8 | |g volume:46,1 |g year:1991 |g pages:440-450 |
| 935 | |a mkri | ||
| 951 | |a AR | ||
| ELC | |b 1 | ||
| LOK | |0 000 xxxxxcx a22 zn 4500 | ||
| LOK | |0 001 3276763125 | ||
| LOK | |0 003 DE-627 | ||
| LOK | |0 004 1629254126 | ||
| LOK | |0 005 20160223101459 | ||
| LOK | |0 008 160208||||||||||||||||ger||||||| | ||
| LOK | |0 040 |a DE-21-110 |c DE-627 |d DE-21-110 | ||
| LOK | |0 689 |a s |a Anlage-Umwelt | ||
| LOK | |0 689 |a s |a Aggressionstheorie | ||
| LOK | |0 852 |a DE-21-110 | ||
| LOK | |0 852 1 |c 7270 |m p |9 00 | ||
| LOK | |0 935 |a k110 | ||
| LOK | |0 938 |k p | ||
| LOK | |0 939 |a 08-02-16 |b l01 | ||
| ORI | |a SA-MARC-krimdoka001.raw | ||
| SIG | |a IFK: 7270 | ||
